Catl̀ogo n︢ico de informacin̤ financiera para el sector solidario

Detalles Bibliográficos
Autor principal: Cardozo Cuenca, Hernǹ
Formato: Libro
Lenguaje:español
Publicado: Brasil ECOE 2016
Materias:
Acceso en línea:Acceso restringido

MARC

LEADER 00000nam a22000007a 4500
005 20160419114544.0
007 cr|||| ||u|
008 160419s2016 ck ||||| |||| 00||0 spa d
020 |a 978-958-771-302-2 
035 |a 14145 
040 |a vLex  
090 |c 6013  |d 6013 
100 1 |a Cardozo Cuenca, Hernǹ  
245 1 0 |a Catl̀ogo n︢ico de informacin̤ financiera para el sector solidario  |h [Recurso electrn̤ico] /  |c Hernǹ Cardozo Cuenca  
256 |a Servicio en ln̕ea  
260 |a Brasil   |b ECOE  |c 2016 
300 |a 1 recurso electrn̤ico (340 Pg̀inas)  
500 |a Descripcin̤, dinm̀icas, revelaciones, polt̕icas y procedimientos contables 
506 1 |a Contenido solo disponible en los productos indicados  |d vLex Global  |d vLex Global (Academic Edition, excluding Law Schools)  |d vLex Global (U.S. Academic Edition, Law Schools)  |d vLex Global (U.S. Academic Edition, excluding Law Schools)  |d vLex Global (Academic Edition, Law Schools) 
650 0 4 |a Catl̀ogos   |z Colombia  
740 0 |a vLex libros (servicio en ln̕ea) 
856 4 0 |u http://vlex.com/source/catalogo-unico-informacion-financiera-sector-solidario-14145  |z Acceso restringido 
942 |c BOOK 
999 0 |a Catalogs  |b Colombia